I'm glad you asked. (Record no. 3405)

000 -LEADER
fixed length control field 00518nam a2200181 a 4500
001 - CONTROL NUMBER
control field :::00001135$&:&@@
003 - CONTROL NUMBER IDENTIFIER
control field OkBaRHE
005 - DATE AND TIME OF LATEST TRANSACTION
control field 20000607103241.0
008 - FIXED-LENGTH DATA ELEMENTS--GENERAL INFORMATION
fixed length control field s1979 j 000 0 eng u
040 ## - CATALOGING SOURCE
Transcribing agency
100 1# - MAIN ENTRY--PERSONAL NAME
Personal name Wyatt, Evelyn.
245 10 - TITLE STATEMENT
Title I'm glad you asked.
260 ## - PUBLICATION, DISTRIBUTION, ETC. (IMPRINT)
Place of publication, distribution, etc Montebello, CA., :
Name of publisher, distributor, etc Wings of Healing
Date of publication, distribution, etc c1979
300 ## - PHYSICAL DESCRIPTION
Extent 64 p. ;
Dimensions 21 cm.
650 ## - SUBJECT ADDED ENTRY--TOPICAL TERM
Topical term or geographic name as entry element Bible
General subdivision Theology
942 ## - ADDED ENTRY ELEMENTS (KOHA)
Source of classification or shelving scheme
Koha item type Books
Copies
Source of classification or shelving scheme Koha item type Date last seen Damaged status Copy number Withdrawn status Lost status Permanent Location Full call number Barcode Price effective from Not for loan Date acquired Shelving location
 Books2018-02-16 1  RHEMA Bible Training CollegeBS 543 .W911352010-04-14 2010-04-14General Stacks